South Korean Brand Logos - Statistics

General Stats
  • This quiz has been taken 153 times
  • The average score is 5 of 9
Answer Stats
Picture Answer % Correct
LG
98%
Samsung
98%
Hyundai
96%
Kia
92%
Korean Air
41%
Daewoo
39%
Doosan
31%
Hankook
27%
Asiana Airlines
23%
No matching quizzes found
Score Distribution
Percent of People with Each Score
Percentile by Number Answered
Your Score History
You have not taken this quiz